[Event "FRA-ch"]
[Site "Narbonne"]
[Date "1997.08.24"]
[Round "9"]
[White "Vaisser, Anatoli"]
[Black "Anic, Darko"]
[Result "1-0"]
[WhiteElo "2575"]
[BlackElo "2445"]
[Annotator "Huebner,R"]
[PlyCount "61"]
[EventDate "1997.08.15"]
[EventType "tourn"]
[EventRounds "15"]
[EventCountry "FRA"]
[EventCategory "9"]
[SourceTitle "CBM 061"]
[Source "ChessBase"]
[SourceDate "1997.11.23"]
[SourceVersion "1"]
[SourceVersionDate "1997.11.23"]
[SourceQuality "1"]

1. d4 {Hansen,Cu} d5 2. c4 c6 3. Nc3 Nf6 4. cxd5 cxd5 5. Bf4 Nc6 6. e3 Bf5 (
6... Ne4 7. Bd3 Nxc3 8. bxc3 g6 9. Nf3 Bg7 10. O-O O-O 11. c4 dxc4 12. Bxc4 Bf5
13. Rc1 Rc8 14. Qe2 a6 15. h3 b5 16. Bb3 Bd7 17. d5 Na5 18. Ne5 Nxb3 19. axb3
e6 20. Rcd1 Qe8 21. d6 f6 22. Nxd7 Qxd7 23. e4 Rc6 {1/2-1/2 Jussupow,A-Sokolov,
I/Groningen 1994/CBM 45}) 7. Bb5 Rc8 (7... Bd7 8. Nf3 e6 9. O-O Be7 10. Rc1 O-O
11. h3 Rc8 12. Bd3 Na5 13. Qe2 Bc6 14. Ne5 Nd7 15. Nxc6 Nxc6 16. a3 a6 17. Rc2
Nb6 18. Rfc1 Bd6 19. Bxd6 Qxd6 20. Nb1 g6 21. Nd2 Ne7 22. Nb3 {Kanstler,
B-Bykhovsky,A/Tel Aviv ASA 1996/EXP 55/1/2-1/2 (43)}) 8. Nf3 (8. Qa4 e6 9. Qxa7
Nd7 10. Qxb7 Nb4 11. Bxd7+ Qxd7 12. Qxd7+ Kxd7 13. Ke2 Nd3 14. Kf3 Nxb2 15.
Nge2 Bb4 16. e4 dxe4+ 17. Nxe4 Rc2 18. N2g3 Bxe4+ 19. Nxe4 f5 20. Nc5+ Bxc5 21.
dxc5 Ra8 22. Rhc1 Ra3+ {Mueller,H-Osswald,D/Porz op22 1989/EXT 89op/0-1 (40)})
8... Ne4 {Dieser Zug gefällt mir natürlich nicht besonders gut; ich würde
lieber etwas für die Entwicklung des Königsflügels tun:} (8... e6 9. Qa4 Nd7 (
9... Qb6 {kommt auch in Betracht.}) 10. Bxc6 Rxc6 11. Qxa7 Ra6 (11... Rb6 $5)
12. Qxb7 Rb6 {mit Gegenspiel.}) 9. O-O Nxc3 10. bxc3 e6 11. Qa4 Qb6 12. Ne5 f6
(12... Be7 13. c4 $16) 13. Nxc6 bxc6 14. Be2 {Hansen: In this position there
is only one open line (<->b). So of course white would like very much to play
his rook to b1. Just like black wants to play his rook to b8. Because of the
Bs on f4 and f5 that is not possible at the moment. But the fight resolves
around this positional theme - control of the b-line. And to some extent
whites better developement.} a5 {Schwarz hat schon Schwierigkeiten. Nach dem
natürlichen Zug} (14... Be7 {ist die Antwort} 15. Bh5+ {lästig, weil Schwarz
sich nicht auf} (15. c4 $14 {Hansen,Cu}) 15... Bg6 16. Bxg6+ hxg6 17. Rab1 {
einlassen kann.}) 15. Qb3 (15. c4 {wird mit} Qb4 {abgewehrt.}) 15... Qa7 (15...
Qxb3 {Hansen,Cu} 16. axb3 $16 {[%csl Ra5] Hansen: The b-line is closed which
is fine for black. But his a5-P has become terribly weak}) 16. c4 (16. Bh5+ g6
17. Be2 a4 18. Qd1 ({Auf} 18. Qb2 {geschieht} h5 {mit der Absicht, g6-g5
folgen zu lassen.}) 18... g5 {ist hier nicht so wirksam. Weiß eröffnet seiner
Dame das Feld c3.}) 16... a4 17. Qc3 Be7 18. Rfc1 (18. Bh5+ {kommt hier wieder
in Betracht.}) 18... O-O 19. c5 Bd8 20. Bd6 Rf7 21. Bd3 {Hansen: White has
managed to block his oponents control over the b1 square and is now ready to
put his rooks in the b-line. Weiß verschafft seinen Türmen Zugang zur b-Linie.}
Bxd3 22. Qxd3 Bc7 {Hansen: Black has also managed to get control over his b8
square. But because whites Bd6 is protectet by the P on c5 it is much more
complicated to get rid of the white B.} (22... Rb7 23. Rab1 Bc7 24. Rxb7 Qxb7
25. Rb1 {bleibt für Schwarz unerfreulich.}) 23. Rab1 Bxd6 $2 (23... Rd7 {
mußte versucht werden. Der Freibauer des Weißen auf d6 entfaltet bald
entscheidende Kraft.}) (23... Rb8 {Hansen,Cu} 24. Rxb8+ Bxb8 (24... Qxb8 25.
Qa6 $16) 25. Bxb8 Qxb8 26. Qa6 $16 {[%csl Ra4,Rc6]}) 24. cxd6 Rd7 25. Qa3 {
Hansen: Black has to watch out for his own Ps on a4 and c6, + whites passed P
on d6. And make sure nothing bad happens in the b/c <->.} Rb8 26. h3 Rxb1 27.
Rxb1 e5 28. Qc5 Rb7 29. Rxb7 Qxb7 30. Qa5 Qb1+ 31. Kh2 1-0

[Event "EU-ch 3rd"]
[Site "Batumi"]
[Date "2002.06.23"]
[Round "11"]
[White "Aleksandrov, Aleksej"]
[Black "Kallio, Heikki"]
[Result "1/2-1/2"]
[WhiteElo "2654"]
[BlackElo "2502"]
[Annotator "Huebner,R"]
[PlyCount "105"]
[EventDate "2002.06.12"]
[EventType "swiss"]
[EventRounds "13"]
[EventCountry "GEO"]
[SourceTitle "CBM 090"]
[Source "ChessBase"]
[SourceDate "2002.09.20"]
[SourceVersion "1"]
[SourceVersionDate "2002.09.20"]
[SourceQuality "1"]

1. d4 d5 2. c4 c6 3. Nc3 Nf6 4. e3 a6 5. Qc2 Bg4 6. h3 Bh5 7. Qb3 b5 8. cxd5
Nxd5 9. a4 (9. Nge2 e6 10. Nxd5 cxd5 11. Nf4 Bg6 12. a4 b4 13. Bd2 a5 $2 14.
Bb5+ Nd7 15. Rc1 $16 {1-0 Doettling,F-Gibson,C/Boston 2001/CBM 83 ext (41). 
(40)}) 9... b4 10. Nxd5 cxd5 11. Bd2 $6 ({Nach} 11. Qxb4 Nc6 12. Qc3 Qd7 13.
Bd2 e6 14. Rc1 Nb4 {hat Schwarz gute Kompensation für den geopferten Bauern.})
(11. Ne2 {analog der oben zitierten Partie ist wohl vorzuziehen.}) 11... e6 12.
a5 Nc6 13. Qa4 Qd7 14. Ne2 Bd6 15. Nf4 $5 ({Nach} 15. Nc1 O-O 16. Be2 (16. Nb3
e5 {ist auch unbequem für Weiß.}) 16... Bxe2 17. Nxe2 Rfb8 {hat Schwarz
prächtiges Spiel.}) 15... Bxf4 16. exf4 Nxd4 17. Bxb4 Bg6 18. Kd2 Nc2 19. Ra2
Nxb4 20. Qxb4 Qc7 21. Bd3 Bxd3 22. Kxd3 Rc8 ({Die Fortsetzung} 22... Rb8 23.
Rc1 {(Das einzig Spielbare)} Qxc1 (23... Qa7 24. Qd6 {ist nicht besser.}) 24.
Qxb8+ Ke7 25. Qxh8 Qb1+ 26. Ke3 Qxa2 27. Qxg7 Qxa5 28. Qd4 {führt zu einer
ausgeglichenen Stellung.}) 23. b3 f6 {Es ist für Schwarz nicht leicht,
Fortschritte zu machen, zum Beispiel} (23... Qb8 24. Ra4) ({oder} 23... d4 24.
g3) 24. Qb6 Qc3+ 25. Ke2 Kf7 (25... O-O 26. Qxa6 Qxb3 27. Rha1 {macht keinen
großen Unterschied.}) 26. Qxa6 Qxb3 27. Rha1 Rhd8 28. Qd3 Rc3 29. Qd2 Qc4+ (
29... Qb5+ 30. Ke1 Rc4 31. f3 Qa6 {führt zu gleichem Spiel.}) 30. Ke1 Rc8 $6 (
30... Ra8 31. a6 Ra7 {ergibt gleiches Spiel.}) 31. a6 {Jetzt wird der a-Bauer
des Weißen schon sehr gefährlich.} Rd3 $2 (31... Rb3 {scheint die letzte
Möglichkeit zu sein, Ausgleich zu wahren:} 32. a7 Qe4+ 33. Kf1 Rb1+ 34. Rxb1
Qxb1+ 35. Ke2 Qe4+) 32. Qa5 $4 (32. Ra4 {bietet dem Weißen gar keine
schlechten Gewinnaussichten. Er erzwingt Damentausch:} Qb5 (32... Qb3 33. Qb4)
33. Qb4 {usw.}) 32... Qxf4 $19 33. f3 Rdc3 34. Qxc3 Rxc3 35. a7 Qe3+ $2 (35...
Rc2 $19 36. Rxc2 Qe5+) 36. Kf1 Rc8 37. a8=Q Rxa8 38. Rxa8 d4 $6 (38... Kg6 {
Die Stellung sollte für Schwarz gewonnen sein, aber einfach ist es nicht.}) 39.
R8a7+ Kg6 40. Re1 Qd3+ 41. Kf2 Qc2+ 42. Re2 Qc5 43. Rd7 e5 44. Ra2 h5 (44...
d3+ 45. Kg3 Qc4 {führt zum Gewinn, zum Beispiel} 46. Raa7 Qf4+ 47. Kf2 Qd2+ 48.
Kg3 Qe1+ 49. Kh2 d2 50. Rxg7+ Kf5) 45. Kg3 Qc1 46. Kh2 h4 47. Ra8 Qh6 48. Rg8
Kh7 49. Rf8 Qg6 50. Kh1 Qg3 $2 {Die Stellung muß noch stets für Schwarz
gewonnen sein, zum Beispiel} (50... Qb1+ 51. Kh2 Qf5 52. Rff7 Qg5 53. Kg1 Kh6
54. Kh1 Qc1+ 55. Kh2 Qf4+ 56. Kg1 g6 {nebst Kh6-g5 usw.}) 51. Rxf6 Qg5 52. Rfd6
Qf4 53. Kg1 1/2-1/2

[Event "RUS-ch 53rd"]
[Site "Samara"]
[Date "2000.06.23"]
[Round "7"]
[White "Fominyh, Alexander"]
[Black "Maljutin, Evgeni"]
[Result "1-0"]
[WhiteElo "2551"]
[BlackElo "2451"]
[Annotator "Huebner,R"]
[PlyCount "73"]
[EventDate "2000.06.03"]
[EventType "swiss"]
[EventRounds "11"]
[EventCountry "RUS"]
[SourceTitle "CBM 078"]
[Source "ChessBase"]
[SourceDate "2000.10.18"]
[SourceVersion "1"]
[SourceVersionDate "2000.10.18"]
[SourceQuality "1"]

1. d4 d5 2. c4 c6 3. e3 Bf5 4. cxd5 cxd5 5. Qb3 Qc7 6. Bd2 e6 7. Bb5+ Nc6 8.
Bb4 Bxb4+ 9. Qxb4 Nge7 10. Nf3 O-O 11. Qd2 Nb4 12. Na3 Qa5 13. O-O Rfc8 14.
Rfc1 a6 15. Be2 Qb6 16. Rc3 Rxc3 17. bxc3 Nbc6 18. c4 Qb4 19. Qc1 h6 20. cxd5
Nxd5 21. Nc4 Rc8 22. a3 Qc3 23. Qf1 Rd8 $2 ({Nach} 23... Bh7 24. Rc1 Qb3 25.
Na5 Qb2 {hat Weiß nichts.}) 24. Rc1 Qb3 25. e4 Bxe4 26. Nfd2 Qa2 27. Nxe4 Nxd4
28. Bd3 b5 29. Ra1 Qb3 30. Rb1 bxc4 (30... Qa2 31. Rb2 $18) (30... Qa4 31. Nc5
$18) 31. Rxb3 $18 cxb3 32. g3 f5 33. Nc5 Nc3 34. Qa1 Nde2+ 35. Bxe2 Nxe2+ 36.
Kg2 Rb8 37. Qe5 1-0

[Event "BCF-ch 89th"]
[Site "Torquay"]
[Date "2002.08.05"]
[Round "7"]
[White "Lalic, Bogdan"]
[Black "Collins, Sam E"]
[Result "1-0"]
[WhiteElo "2540"]
[BlackElo "2313"]
[Annotator "Huebner,R"]
[PlyCount "57"]
[EventDate "2002.07.29"]
[EventType "swiss"]
[EventRounds "11"]
[EventCountry "ENG"]
[SourceTitle "CBM 091"]
[Source "ChessBase"]
[SourceDate "2002.11.12"]
[SourceVersion "1"]
[SourceVersionDate "2002.11.12"]
[SourceQuality "1"]

1. d4 d5 2. c4 c6 3. Nc3 e5 4. e3 e4 {Ich hätte wohl den Mut nicht, die
Vorstoßvariante der Französischen Partie mit einem Tempo weniger zu spielen.} (
4... exd4 {sieht solider aus.}) 5. Bd2 Nf6 6. Rc1 Be7 7. Nge2 O-O 8. Ng3 Bg4 {
Dies sieht nicht plausibel aus; die Entwicklung des Weißen wird gefördert, und
insbesondere bleibt der Punkt f5 schutzlos.} (8... a6 {kommt in Betracht.}) (
8... Na6 {verdient ebenfalls Erwägung.}) 9. Be2 (9. Qb3 Qd7 (9... Qb6 10. Qxb6
axb6 11. cxd5 cxd5 12. a3 $14) 10. cxd5 cxd5 11. Bb5 {führt ebenfalls zu gutem
Spiel für Weiß.}) (9. f3 exf3 10. gxf3 Be6 11. f4 {ist zweischneidig.}) 9...
Bxe2 10. Qxe2 Re8 $6 {Danach entbehrt der Punkt f7 der Deckung.} (10... Na6 11.
f3 exf3 12. gxf3 (12. Qxf3 dxc4 {braucht Schwarz nicht zu fürchten.}) 12... Re8
{ist die konsequente Folge des Aufbaus von Schwarz.}) 11. O-O a6 $6 (11... Na6
{ist noch immer stärker.}) 12. c5 $6 (12. f3 exf3 13. Rxf3 {ist energischer.})
12... Nbd7 13. f3 exf3 14. Qxf3 b6 15. cxb6 Qxb6 16. b3 Bb4 $2 ({Nach} 16...
Ba3 {ist die Stellung des Weißen nur wenig besser.}) 17. Na4 Qa5 18. Bxb4 Qxb4
19. Rxc6 $18 Qd2 20. Nf5 Re6 21. Qg3 g6 22. Rc7 Qxa2 23. Nc5 $6 ({Einfacher
gewinnt} 23. Nh6+ Kg7 24. Nc5 Nxc5 25. Rxf7+ Kh8 26. dxc5 {usw.}) 23... Nxc5
24. Nh6+ Kh8 25. Nxf7+ Kg8 26. dxc5 Qxb3 27. Qf4 Qc4 28. Qh6 Rf8 $2 ({Nach} 
28... Ng4 29. Qh3 h5 30. Nh6+ Kh8 31. Nxg4 Qxg4 32. Qxg4 hxg4 33. c6 {gewinnt
Weiß wohl auch, muß aber auf jeden Fall noch ein wenig schwitzen..}) 29. Ng5
1-0

[Event "New York op"]
[Site "New York"]
[Date "1998.03.20"]
[Round "7"]
[White "Shaked, Tal"]
[Black "Martinovsky, Eugene Simeon"]
[Result "1-0"]
[WhiteElo "2535"]
[BlackElo "2365"]
[Annotator "Huebner,R"]
[PlyCount "77"]
[EventDate "1998.03.16"]
[EventType "swiss"]
[EventRounds "9"]
[EventCountry "USA"]
[SourceTitle "CBM 064"]
[Source "ChessBase"]
[SourceDate "1998.06.02"]
[SourceVersion "1"]
[SourceVersionDate "1998.06.02"]
[SourceQuality "1"]

1. d4 d5 2. c4 c6 3. Nc3 Nf6 4. cxd5 cxd5 5. Bf4 Nc6 6. e3 e6 7. Bd3 Bd6 8.
Bxd6 Qxd6 9. f4 O-O 10. Nf3 Nb4 11. Bb1 Bd7 $6 {Besser setzte Timman fort:} (
11... b6 12. a3 Nc6 13. Bd3 Bb7 14. O-O $2 (14. Ne5 Ne7 15. Qf3 {war
angewiesen; Weiß sollte verhindern, daß sich der Springer des Schwarzen auf e4
festsetzt.}) 14... Ne7 15. Nb5 Qd8 16. Rc1 a6 17. Nc3 Ne4 $11 {0-1 Gulko,
B-Timman,J/Linares 1989 (80)}) 12. Ne5 Bc6 13. a3 Na6 {Die Leichtfiguren des
Schwarzen stehen - vom Sf6 abgesehen - offensichtlich auf den falschen Feldern.
} 14. g4 Ne4 {Hiernach kann Weiß wirksam vereinfachen, aber die Lage des
Nachziehenden ist in jedem Falle schon prekär.} 15. Nxe4 dxe4 16. Nxc6 Qxc6 17.
Qc2 Qb6 {Schwarz sollte Damentausch versuchen, obwohl seine Stellung nach} (
17... Qxc2 18. Bxc2 f5 19. gxf5 ({Die Fortsetzung} 19. Bb3 Nc7 20. gxf5 Rxf5
21. Bc2 Rb5 22. Rb1 Nd5 23. Kd2 Nf6 {führt zu keinem klaren Ergebnis.}) 19...
exf5 20. Bb3+ Kh8 21. Rc1 {sehr unerfreulich ist.}) 18. Qxe4 f5 19. Qg2 e5 {
Ingeniös, aber hoffnungslos.} 20. fxe5 fxg4 (20... f4 {verspricht nicht mehr:}
21. Qe4 Qh6 (21... g6 22. Ba2+ Kg7 23. O-O-O $18) 22. O-O $18) 21. Ba2+ Kh8 22.
O-O-O Qg6 23. e4 Rf3 24. Rhe1 Rc8+ (24... h5 {war besser, aber die Stellung
des Schwarzen ist auf jeden Fall verloren.}) 25. Kb1 b5 26. Rc1 Rxc1+ 27. Rxc1
h5 (27... Qxe4+ 28. Ka1 g6 29. Qd2 {bringt auch keine Rettung.}) 28. Rc8+ Kh7
29. Bg8+ Kh6 30. Qd2+ Qg5 31. Rc6+ g6 32. Qxg5+ Kxg5 33. Rxa6 Rf1+ 34. Ka2 h4
35. e6 g3 36. hxg3 hxg3 37. e7 g2 38. e8=Q Ra1+ 39. Kb3 1-0

[Event "Biel"]
[Site "Biel"]
[Date "1995.??.??"]
[Round "8"]
[White "Zvjaginsev, Vadim"]
[Black "Hodgson, Julian M"]
[Result "1-0"]
[WhiteElo "2600"]
[BlackElo "2590"]
[Annotator "Huebner,R"]
[PlyCount "97"]
[EventDate "1995.07.??"]
[EventType "tourn"]
[EventRounds "13"]
[EventCountry "SUI"]
[EventCategory "15"]
[SourceTitle "CBM 049"]
[Source "ChessBase"]
[SourceDate "1995.12.01"]
[SourceVersion "1"]
[SourceVersionDate "1995.12.01"]
[SourceQuality "1"]

1. d4 d5 2. c4 c6 3. e3 Nf6 4. Nc3 a6 5. Bd2 e6 6. Nf3 c5 7. cxd5 exd5 8. Ne5
Bd6 9. Bd3 O-O 10. O-O Bxe5 $6 (10... Nc6 $5 11. Nxc6 bxc6 12. dxc5 Bxc5 13.
Rc1 Bd6 $13) 11. dxe5 Ng4 12. f4 d4 13. Ne4 Nc6 (13... f5 14. exf6 Nxf6 15.
Nxc5 $16) 14. h3 Nxe3 $6 (14... dxe3 $5 15. Bc3 Nh6 (15... Nf2 16. Nxf2 exf2+
17. Rxf2 $16) 16. g4 (16. Nxc5 Bf5 $13) 16... Nd4 $5 17. Nxc5 Qh4 18. Kg2 e2
19. Bxe2 Nxe2 20. Qxe2 b6 $13 {Hier ist mehr Analysearbeit erforderlich als
ich zur Zeit leisten kann.}) 15. Qh5 Bf5 16. Bxe3 Bg6 (16... g6 17. Qh6 Bxe4
18. Bxe4 dxe3 19. f5) 17. Qf3 dxe3 18. Qxe3 $16 Bxe4 19. Bxe4 Qd4 (19... Nd4
20. b4 (20. Bxb7 $6 Rb8 21. Bxa6 Rxb2 $13)) 20. Qxd4 cxd4 (20... Nxd4 21. Bxb7
Rab8 22. Bxa6 Rxb2 23. Bc4 $16) 21. Rac1 Rac8 22. Rfd1 Rfd8 23. Kf2 Kf8 24. Ke2
Ke7 25. Bxc6 Rxc6 26. Rxc6 bxc6 27. Rc1 g5 28. fxg5 Rd5 29. Rxc6 Rxe5+ 30. Kd3
Rxg5 31. Rxa6 Rxg2 32. b4 f5 33. Kxd4 Re2 34. Kd3 Re1 35. Ra7+ Ke6 36. b5 f4
37. Kd2 Rb1 38. a4 Rb4 39. Ra8 Kd5 40. Kc3 Rb1 41. Rf8 Ke4 42. Kc4 f3 43. a5
Rc1+ 44. Kb4 Ke3 45. b6 f2 46. a6 f1=Q 47. Rxf1 Rxf1 48. a7 Kd4 49. Kb5 1-0

[Event "RUS-ch m3-4"]
[Site "Elista"]
[Date "1997.05.21"]
[Round "1.3"]
[White "Shipov, Sergei"]
[Black "Burmakin, Vladimir"]
[Result "0-1"]
[WhiteElo "2540"]
[BlackElo "2530"]
[Annotator "Huebner,R"]
[PlyCount "68"]
[EventDate "1997.04.19"]
[EventType "k.o."]
[EventRounds "6"]
[EventCountry "RUS"]
[SourceTitle "CBM 059"]
[Source "ChessBase"]
[SourceDate "1997.08.01"]
[SourceVersion "1"]
[SourceVersionDate "1997.08.01"]
[SourceQuality "1"]

1. d4 d5 2. c4 c6 3. e3 Nf6 4. Bd3 Bg4 5. Ne2 e6 6. O-O Bh5 7. Qb3 Qb6 8. Nf4
Bg6 9. Nxg6 hxg6 10. Nc3 Qc7 11. g3 $2 (11. f4 {war besser.}) 11... Ng4 12. Be2
$6 (12. h4 Rxh4 13. Be2 $13) 12... Nxh2 13. Re1 Qd7 14. e4 dxc4 15. Qxc4 e5 $19
16. dxe5 Qh3 17. e6 f6 18. Be3 Bd6 19. e5 Ng4 20. Bf3 Nxe5 21. Qe2 Nxf3+ 22.
Qxf3 Na6 23. Rad1 Ke7 24. Ne4 Qh2+ 25. Kf1 Qh1+ 26. Ke2 Qxf3+ 27. Kxf3 Rhd8 28.
Nxd6 Rxd6 29. Rxd6 Kxd6 30. g4 Ke7 31. g5 b6 32. Bd4 Nc7 33. Rh1 Nxe6 34. gxf6+
gxf6 0-1

[Event "Copenhagen K41"]
[Site "Copenhagen"]
[Date "1995.??.??"]
[Round "4"]
[White "Kjeldsen, Jens"]
[Black "Ye, Rongguang"]
[Result "1-0"]
[WhiteElo "2410"]
[BlackElo "2535"]
[Annotator "Huebner,R"]
[PlyCount "61"]
[EventDate "1995.06.??"]
[EventType "tourn"]
[EventRounds "9"]
[EventCountry "DEN"]
[EventCategory "10"]
[SourceTitle "CBM 048"]
[Source "ChessBase"]
[SourceDate "1995.10.01"]
[SourceVersion "1"]
[SourceVersionDate "1995.10.01"]
[SourceQuality "1"]

1. d4 d5 2. c4 c6 3. Nc3 Nf6 4. e3 a6 5. Qc2 b5 6. b3 Bg4 7. Nge2 e6 {Eine
solide Fortsetzung ist 7...Bh5 8.Nf4 Bg6 9.Ng6 hg6, Ivanchuk,V- Bareev,E,
München 1994, (vgl. Anm. zum 12.Zuge von Schwarz). Sonst wurde 7...Nbd7
gespielt:} (7... Nbd7 8. h3 (8. Ng3 e5 9. h3 exd4 10. hxg4 dxc3 11. g5 Ng4 12.
g6 Qf6 13. Rxh7 Rxh7 14. gxh7 g6 $13 {Nikolic,P-Short,N, London PCA 1994, EXP
42.}) 8... Bh5 9. Nf4 Bg6 10. Nxg6 hxg6 11. Bb2 (11. Be2 e6 12. O-O Bd6 {
Besser ist 12...Be7=} 13. e4 b4 14. exd5 exd5 15. Na4 $14 {Bareev,E-Shirov,A,
Pardubice 1994, CBM 42}) 11... e6 12. Bd3 Be7 13. Ne2 $14 Qa5+ $6 14. Bc3 Bb4
15. Bxb4 {Nikolic,P-Short,N/Moscow olm/1994/}) 8. Ng3 Nbd7 {In der Partie
Hansen,LB-Sammalvuo,T, Rejkjavik zt 1995, geschah der gekünstelte Zug 8...Nh5.
Schwarz folgt meiner im Kommentar ausgesprochenen Empfehlung, sich den
weißfeldrigen B ruhig nehmen zu lassen.} 9. h3 Bh5 10. Nxh5 Nxh5 11. Be2 {
In Betracht kam sofortiges 11.Bd3, denn 11...f5 scheitert an 12.g4.} Nhf6 12.
O-O Be7 {Der strukturelle Unterschied zum Abspiel mit 7...Bh5 besteht darin,
daß der schwarze Königsturmbauer auf h7 steht statt auf g6. Die Stellung mit
dem Bauern auf g6 ist günstiger für Schwarz.} 13. Bd3 (13. f4 b4 14. Na4 Ne4
15. Bf3 f5 $13) (13. Rd1 $5 O-O 14. e4 $14) 13... e5 $6 (13... Rc8 $5 14. e4 (
14. f4 bxc4 15. bxc4 c5 $15) (14. a4 bxc4 15. bxc4 c5 $15) 14... dxe4 15. Nxe4
Nxe4 16. Bxe4 Nf6 $10) (13... O-O 14. e4 bxc4 (14... dxe4 15. Nxe4 Rc8 (15...
Nxe4 16. Bxe4 Nf6 17. Bxc6 Rc8 18. Bb7 $16) 16. Ng5 $14) 15. bxc4 dxe4 16. Nxe4
Nxe4 17. Bxe4 Nf6 18. Bxc6 Rc8 19. Bb7 Rc7 (19... Qxd4 20. Bxc8 Qxa1 21. Bb2
Qxa2 22. Ra1 Qxa1+ 23. Bxa1 Rxc8 24. Qa4 $16) 20. Bxa6 Qxd4 21. Be3 $16) 14.
cxd5 cxd5 15. dxe5 Nxe5 16. Bb2 Rc8 {Hier und in den folgenden Zügen
entwickelt Schwarz eine mir unverständliche Aversion gegen die Ausführung der
Rochade.} 17. Qe2 (17. Bf5 {war stärker.}) 17... Qd7 18. Rad1 Qe6 19. Bb1 b4 $2
{Schwarz ruiniert sinnlos seine Bauernstellung am Damenflügel. Nach 19...0-0
20.Qd2 (20.Nd5 Nd5 21.Qh5 scheitert an 21...f5) kann Schwarz 20...Bb4
antworten (21.Qd4 Nc6; 21.a3 Ba5, und 22.b4 wird mit 22...Nc4 pariert).} (19...
Bb4 $5 {kommt auch in Betracht.}) 20. Na4 Ned7 $2 {Kennt Schwarz die
Rochaderegel nicht oder tut ihm etwa das unschuldige Bäuerlein auf a6 leid?}
21. Qf3 g6 22. Rfe1 Ne5 (22... O-O 23. e4 $18) 23. Qg3 Bd6 24. f4 Nc6 25. e4
$18 d4 26. e5 Nh5 27. Qf3 Bb8 28. Be4 Ne7 29. Bxd4 Nf5 30. Bf2 Qe7 31. Bxf5 1-0

[Event "ARM-ch"]
[Site "Yerevan"]
[Date "1995.??.??"]
[Round "6"]
[White "Akopian, Vladimir Eduardovic"]
[Black "Minasian, Ara"]
[Result "1-0"]
[WhiteElo "2625"]
[BlackElo "2425"]
[Annotator "Huebner,R"]
[PlyCount "47"]
[EventDate "1995.08.??"]
[EventType "tourn"]
[EventRounds "11"]
[EventCountry "ARM"]
[EventCategory "10"]
[SourceTitle "CBM 050"]
[Source "ChessBase"]
[SourceDate "1996.02.01"]
[SourceVersion "1"]
[SourceVersionDate "1996.02.01"]
[SourceQuality "1"]

1. d4 d5 2. c4 c6 3. Nc3 Nf6 4. e3 Bf5 5. cxd5 cxd5 {Diese Variante ist für
Schwarz äußerst wenig attraktiv. Zu etwas lebhafterem Spiel führt 5...Sd5:,
obwohl auch dies nicht besonders verlockend ist: Weiß hat ein Übergewicht im
Zentrum erlangt.} 6. Qb3 Bc8 7. Nf3 e6 8. Ne5 Bd6 9. f4 O-O 10. Bd3 Nh5 $6 {
Ein Versuch, den Damenflügel zu entwickeln, würde mir besser gefallen, zum
Beispiel} (10... Nc6 11. Nxc6 (11. O-O Ne7 12. Bd2 b6) 11... bxc6 12. Na4 a5
13. Bd2 Ba6) 11. O-O f5 (11... f6 {war vielleicht etwas besser:} 12. Nf3 (12.
Qd1 g6 13. Nxg6 (13. Bxg6 hxg6 14. Nxg6 Ng7 $13) (13. Nf3 Nc6 $14) 13... hxg6
14. Bxg6 Ng7 15. Qg4 Nc6 16. Qh4 Rf7 17. Rf3 Ne7 $13) (12. Nxd5 fxe5 13. fxe5 (
13. dxe5 Bc5 $13) 13... Rxf1+ 14. Bxf1 Bf8 {ist nicht überzeugend für Weiß.}) (
12. Be2 fxe5 (12... Qe8 13. Nb5 $18) 13. fxe5 (13. dxe5 Nxf4) 13... Rxf1+ 14.
Kxf1 Qh4 $13) (12. g4 fxe5 13. fxe5 Qg5 $13) 12... f5 {Schwarz hat ein Tempo
gewonnen.}) 12. Bd2 Nf6 13. Nb5 Be7 (13... Ne4 14. Bxe4 fxe4 15. Nxd6 Qxd6 16.
Bb4 $18) 14. Rac1 Ne8 15. Qc2 (15. g4 a6) 15... Bd7 16. g4 g6 $2 (16... Bxb5
17. Bxb5 Nd6 {erlaubt viel zäheren Widerstand.}) 17. gxf5 gxf5 18. Nc7 Nxc7 19.
Qxc7 Bc6 20. Qxd8 Rxd8 21. Kh1 Rc8 22. Rg1+ Kf8 23. Rg3 Nd7 24. Rxc6 1-0